000 00427nam a2200145Ia 4500
008 100204s9999 xx 000 0 und d
082 _b8460
100 _aमंगेशकर गीता
245 _aनिरोप
260 _b"बांदोडकर पब्लिशिंग हाऊस, गोवा"
_c1986
300 _a176
630 _aनिरोप
730 _aनिरोप
942 _cBOOK
999 _c452896
_d452893